Most Miserable Economies (2017) - Statistics

General Stats
  • This quiz has been taken 42 times
  • The average score is 9 of 13
Answer Stats
2017 Misery Index Hint Country % Correct
17.9 South America Brazil
92%
499.7 South America Venezuela
92%
30.9 South America Argentina
86%
15.9 South America Uruguay
78%
14.1 South America Colombia
75%
19 Europe Ukraine
72%
23.2 Europe Greece
67%
12.8 Europe Italy
61%
19.8 Middle East Turkey
61%
17.3 Europe Serbia
56%
19.6 Europe Spain
53%
13.7 Europe Croatia
50%
32.2 Africa South Africa
42%
No matching quizzes found
Score Distribution
Percent of People with Each Score
Percentile by Number Answered
Your Score History
You have not taken this quiz